Horror Movie Trivia - Statistics

General Stats
  • This quiz has been taken 1,111 times
  • The average score is 7 of 34
Answer Stats
Hint Answer % Correct
True or False: Bela Lugosi turned down the role of the monster in Universals 1931 release of "Frankenstein" because the monster had no speaking lines? True
97%
True or False: Bela Lugosi was Universals top prospect for the part of 1931's "Dracula"? False
76%
True or False: Tobe Hoopers "Texas Chainsaw Massacre" is based on a true story? False
76%
What hand does Freddy wear his glove on? Right
57%
In John Carpenters 1978 "Halloween", Michael Myers is named what in the credits? The Shape
42%
We have come to know Jason's mask has red markings on it. In "Friday The 13th Pt 5" the masks marking were not red, but.....? Blue
41%
This silent, German Expressionist film stars Max Schreck and is one of the more horrifying adaptations of Bram Stoker's "Dracula" Name this classic movie. Nosferatu
34%
What is a "boomstick", according to Ash Williams? Shotgun
33%
Which Stephen King novel was the first of his to be made into a movie? Carrie
29%
Jennifer Aniston made her silver screen debut in what horror movie? Leprechaun
29%
OK, think back very hard.....what is Jason's final body count for ONLY "Friday The 13th Pt. 4" 13
24%
In "It", all the main charecters belonged to a group named what? The Losers Club
24%
Toho released "Godzilla" upon America and Japan in 1954. The same film is called what in Japan? Gojira
17%
In 1933 we saw King Kong climb the Empire State Building. In the 1976 remake, Kong shunned the Empire State Building and climbed what to the top? Twin Towers
16%
In Jaws, when we first see the shark, Hooper says "That's a 20 footer" which was retorted by Quint saying what? 25
12%
In the cartoon adaption of "How The Grinch Stole Christmas" who provided the narration as well as the voice of The Grinch? Boris Karloff
12%
Buck Dharma of Blue Oyster Cult wrote a song about his favorite movie monster. Who is it? Godzilla
12%
Who was "The Man Of A 1,000 Faces"? Lon Chaney
11%
After killing Alice at the beginning of "Friday The 13th Part 2" Jason stops what from making noise? Tea Pot
10%
In the original 1958 version of "The Fly", Francois Delambre is played by which horror icon? Vincent Price
10%
In 1933's King Kong, sfx workers used which substance to make Kong? Clay
8%
John Carpenter originally wanted to call his now classic movie "Halloween", what? The Baby Sitter Murders
7%
In "The Shining", the name of the hotel that the Torrance family checks into is the Outlook. What real hotel inspired Stephen King to write this modern classic? The Stanley
7%
Which 1928 silent horror movie gave Batman creator Bob Kane the inspiration for the evil and manical "Joker"? The Man Who Laughs
6%
Clint Eastwood made his silver screen debut in what 1955 Universal horror movie? Revenge Of The Creature
4%
In what year does Alien take place? ( Note: there are two different answers to this and both are acceptable and you only need to use one or the other ) 2122
3%
The legendary Alice Cooper provided 2 songs to "Friday The 13th Pt 6". One was "He's Back". What was the other? Teenage Frankenstein
3%
In Universals 1931 "Dracula", what flower is used to keep the Count out of houses? Wolfsbane
2%
Forrest J Ackerman released which iconic monster mag in 1958? Famous Monsters Of Filmland
1%
The man behind the creation of Universals Classic monsters was make-up artist.......? Jack Pierce
1%
After his historic role as Dr. Frankenstein's monster, Boris Karloff became know as? Karloff The Uncanny
1%
Scream is loosley based on what real life serial killer? The Gainesville Ripper
1%
Freddy Krueger has a nickname. What is it? The Springfield Slasher
1%
What is Lon Chaney Jr's real name? Creighton Tull Chaney
0%
No matching quizzes found
Score Distribution
Percent of People with Each Score
Percentile by Number Answered
Your Score History
You have not taken this quiz